NLSUI OPAC header image

Housing access and experiences of northeast migrants in new Delhi : (Record no. 213229)

MARC details
000 -LEADER
fixed length control field 00513nam a2200157Ia 4500
003 - CONTROL NUMBER IDENTIFIER
control field OSt
005 - DATE AND TIME OF LATEST TRANSACTION
control field 20260125143539.0
008 - FIXED-LENGTH DATA ELEMENTS--GENERAL INFORMATION
fixed length control field 241202s9999 xx 000 0 und d
040 ## - CATALOGING SOURCE
Transcribing agency 0
100 ## - MAIN ENTRY--PERSONAL NAME
Personal name Charenamei, Maran
245 #0 - TITLE STATEMENT
Title Housing access and experiences of northeast migrants in new Delhi :
Remainder of title role of identity, networks, and policy /
Statement of responsibility, etc. Maran Charenamei
260 ## - PUBLICATION, DISTRIBUTION, ETC.
Place of publication, distribution, etc. Bangalore :
Name of publisher, distributor, etc. NLSIU,
Date of publication, distribution, etc. 2023.
300 ## - PHYSICAL DESCRIPTION
Extent 60 p. :
Dimensions 24 cm.
856 ## - ELECTRONIC LOCATION AND ACCESS
Uniform Resource Identifier <a href="https://dans.nls.ac.in/handle/123456789/2225">https://dans.nls.ac.in/handle/123456789/2225</a>
942 ## - ADDED ENTRY ELEMENTS (KOHA)
Koha item type Dissertation
Source of classification or shelving scheme Dewey Decimal Classification
Holdings
Withdrawn status Lost status Damaged status Not for loan Home library Current library Date acquired Total Checkouts Barcode Date last seen Price effective from Koha item type
        . . 02.12.2024   MPP406 02.12.2024 02.12.2024 Dissertation